Statystyki dla Wszystkie miasta Polski na literę R

Kliknij tutaj aby rozwiązać quiz!

Ogólne statystyki

  • Ten quiz został rozwiązany 630 razy
    (129 od ostatniego zresetowania)
  • Średni wynik to 29 z 48

Statystyki odpowiedzi

WojewództwoPopulacjaMiasto% Poprawnych
mazowieckie209296Radom
99%
podkarpackie197863Rzeszów
98%
łódzkie45353Radomsko
91%
śląskie137128Rybnik
85%
śląskie54259Racibórz
82%
śląskie136423Ruda Śląska
78%
pomorskie49536Rumia
77%
pomorskie26707Reda
76%
wielkopolskie20187Rawicz
75%
lubelskie9531Ryki
72%
lubelskie15428Radzyń Podlaski
70%
małopolskie12662Rabka-Zdrój
69%
mazowieckie13313Radzymin
68%
łódzkie17193Rawa Mazowiecka
68%
kujawsko-pomorskie15999Rypin
68%
podkarpackie15864Ropczyce
67%
kujawsko-pomorskie5499Radziejów
66%
śląskie16903Radzionków
64%
śląskie21385Rydułtowy
62%
dolnośląskie2401Radków
60%
śląskie17665Radlin
60%
podkarpackie3774Rymanów
60%
warmińsko-mazurskie2827Ryn
60%
zachodniopomorskie4147Resko
59%
warmińsko-mazurskie4434Ruciane-Nida
59%
kujawsko-pomorskie1784Radzyń Chełmiński
57%
lubelskie2026Rejowiec
57%
lubelskie4328Rejowiec Fabryczny
56%
warmińsko-mazurskie4535Reszel
56%
łódzkie3382Rzgów
56%
mazowieckie4390Raciąż
55%
lubuskie6485Rzepin
55%
małopolskie2757Radłów
54%
podkarpackie5214Radymno
54%
wielkopolskie11124Rogoźno
54%
wielkopolskie2353Rychwał
53%
świętokrzyskie3095Radoszyce
52%
zachodniopomorskie2873Recz
52%
podkarpackie6677Rudnik nad Sanem
52%
podlaskie1539Rajgród
47%
małopolskie2830Ryglice
47%
podkarpackie3225Radomyśl Wielki
46%
wielkopolskie3619Rakoniewice
46%
mazowieckie2698Różan
46%
wielkopolskie2119Raszków
45%
wielkopolskie2919Rydzyna
45%
łódzkie1689Rozprza
41%
wielkopolskie1347Rychtal
25%

Rozkład punktacji

Percentyl według liczby udzielonych odpowiedzi

Procent ludzi z każdym wynikiem

Twoja historia wyników

Nie rozwiązałeś tego quizu od ostatniego zresetowania